000 00753nam a2200289Ia 4500
005 20260324122114.0
008 008 260324s9999 xx 000 0 eng d
020 _a9781351277440
037 _aEBOOK
040 _aCRL
040 _beng
040 _cCRL
041 _2eng
041 _aeng
084 _qCRL
100 _aJonathan T. Scott; Walter R. Stahel
_91165131
245 4 _aThe Sustainable Business Workbook
245 2 _bA Practitioner's Guide to Achieving Long-Term Profitability and Competitiveness
260 _bTaylor and Francis
260 _c2013
365 _a
365 _b155
856 _uhttp://www.taylorfrancis.com/books/9781351277440
942 _cEBOOK
999 _c1757635
_d1757635